[Event "BEL-ch U14"]
[Site "Blankenberge"]
[Date "2015.04.14"]
[Round "4"]
[White "Oostvogels, Stoffel"]
[Black "Laurent, Yann"]
[Result "0-1"]
[WhiteElo "978"]
[BlackElo "1245"]
[PlyCount "54"]
[EventDate "2015.04.12"]
[EventType "swiss"]
[EventRounds "9"]
[EventCountry "BEL"]
[SourceTitle "CBM 166 Extra"]
[Source "ChessBase"]
[SourceDate "2015.06.18"]
[SourceVersion "1"]
[SourceVersionDate "2015.06.18"]
[SourceQuality "1"]

1. e4 d6 2. d4 Nf6 3. Nc3 g6 4. Nf3 Bg7 5. Bf4 0-0 6. Bc4 Bg4 7. h3 Bxf3 8. Qxf3 Nc6 9. 0-0-0 Nd7 10. Be3 e5 11. d5 Ne7 12. Bg5 a6 13. a4 Qe8 14. b4 f5 15. b5 fxe4 16. Qxe4 Rxf2 17. Rhf1 Rxf1 18. Rxf1 Nf5 19. Qf3 Nd4 20. Qd1 Nc5 21. bxa6 bxa6 22. Re1 Nxa4 23. Nxa4 Qxa4 24. c3 Qxc4 25. Re4 Qxc3+ 26. Kb1 Rb8+ 27. Ka2 Qb2# 0-1

[Event "BEL-ch U14"]
[Site "Blankenberge"]
[Date "2015.04.12"]
[Round "1"]
[White "Gronsfeld, Stefan"]
[Black "Oostvogels, Stoffel"]
[Result "1-0"]
[WhiteElo "1518"]
[BlackElo "978"]
[PlyCount "83"]
[EventDate "2015.04.12"]
[EventType "swiss"]
[EventRounds "9"]
[EventCountry "BEL"]
[SourceTitle "CBM 166 Extra"]
[Source "ChessBase"]
[SourceDate "2015.06.18"]
[SourceVersion "1"]
[SourceVersionDate "2015.06.18"]
[SourceQuality "1"]

1. e4 e5 2. Nf3 Nc6 3. Bc4 Bc5 4. c3 d6 5. d4 exd4 6. cxd4 Bb4+ 7. Bd2 Bxd2+ 8. Nbxd2 Nf6 9. 0-0 0-0 10. h3 Be6 11. d5 Bxd5 12. exd5 Na5 13. Re1 a6 14. b4 Nxc4 15. Nxc4 b5 16. Ne3 a5 17. Qd2 axb4 18. Qxb4 Rb8 19. Nd4 Qd7 20. Qb3 Rfe8 21. Qd3 Rxe3 22. Rxe3 Nxd5 23. Rg3 c5 24. Nf5 g6 25. Qxd5 Qe6 26. Qxd6 Qxd6 27. Nxd6 f5 28. Nxf5 Rf8 29. Nd6 Rb8 30. Re1 b4 31. Re8+ Rxe8 32. Nxe8 c4 33. Nf6+ Kg7 34. Nd5 h5 35. h4 Kf7 36. Nxb4 Kf6 37. Rc3 g5 38. Rxc4 gxh4 39. Rxh4 Kg6 40. Rxh5 Kxh5 41. a4 Kg5 42. a5 1-0